000 01191nam a2200361 a 4500
001 vtls000189205
003 NLI
005 20210602111627.0
008 101125s1995 caua 001 0 eng
020 _a0520200039 :
_cUSD 51.75
020 _a0520202546
039 9 _y201011252244
_zVLOAD
040 _aNLI
_beng
_cDatasoft 1
_eAACR2
041 0 _aeng
044 _acau
082 0 4 _a323.0961
100 1 _aWaltz, Susan E.(Susan Eileen)
_9362920
245 1 0 _aHuman rights and reform :
_bchanging the face of North African politics /
_cSusan E. Waltz
260 _aBerkeley, Calif. :
_bUniversity of California Press,
_cc1995
300 _axiv, 281 p. :
_bill. ;
_c24 cm.
500 _aIncludes index
650 0 _aHuman rights
_zMorocco
_9362921
650 0 _aHuman rights
_zTunisia
_9362922
650 0 _aHuman rights
_zAlgeria
_9362923
651 0 _aMorocco
_xPolitics and government
_9211719
651 0 _aTunisia
_xPolitics and government
_9214867
651 0 _aAlgeria
_xPolitics and government
_9212571
887 _a
901 _a528980
_b18.03.1997
902 _aE 323.0961 W 179
942 _2ddc
_cBKS
949 _AVIRTUAITEM
_D10000
_X100
_6PUR000528980ENG
999 _aVIRTUA40
_c192596
_d192596